| 000 | 00517nam a22001937a 4500 | ||
|---|---|---|---|
| 020 | _a9788130008844 | ||
| 082 |
_aM08 _bSHA/S |
||
| 100 | _aShakespeare | ||
| 245 |
_aShakespeare sampoornakathakal/ _cby Shakespeare |
||
| 250 | _a6th. | ||
| 260 |
_aKozhikode: _bPoorna Publications, _c2025. |
||
| 300 | _a304p. | ||
| 650 | _aCollection Stories Malayalam | ||
| 650 | _aCollection Shakespeare Stories | ||
| 650 | _aLiterature Malayalam | ||
| 650 | _aLiterature | ||
| 700 | _aMoosakkutty N (tr.) | ||
| 942 | _cBK | ||
| 999 |
_c181935 _d181935 |
||